00306 a2200109 450000100060000008200120000610000430001824500700006126000340013130000080016550000230017391388 aPR 1293 aMir Faraz ; Prof Izhar Kazmi (Advisor) aTo Study the Prosity Effect on Cd Value of Grag Chutesn49 "A" EC aKarachibNED Universityc1998 a32p aBE Project Reports